000 00373nam a2200133Ia 4500
001 14575
003 GE_BSU
008 181216s||||||||xx |||||||||||||| ||und||
040 _cGE_BSU
245 _aПсихология обучения. №11. 2014. Ноябрь
245 _cГл.ред.Бархаев Б.П.
653 _aПсихология обучения.
942 _cCR
999 _c47704
_d47704